| 000 | 00401nam a2200157 a 4500 | ||
|---|---|---|---|
| 001 | 4140 | ||
| 003 | MO | ||
| 005 | 20170315140425.0 | ||
| 008 | 090218s19uu xx 00 eng d | ||
| 050 |
_aTR _bT55 2001 |
||
| 100 | _aTolkien, J. R. R. | ||
| 245 |
_aThe fellowship of the ring : _bThe lord of the rings, part one. |
||
| 260 |
_aLondon : _bCollins, _c2001. |
||
| 942 |
_2ddc _cBK |
||
| 999 |
_c110927 _d110927 |
||